Big data čo sú veľké dáta a ako ich využiť v poistnom sektore

Big data sú charakterizované tromi "V" ako Volume (objem), Velocity (rýchlosť), Variety (rôznorodosť). Schopnosť spracovávať dáta v reálnom čase, prínosy, nové možnosti a potenciál big data zmeniť poistný sektor.

Saved in:
Bibliographic Details
Main Author: Krátka, Zuzana, 1968-
Format: Book Chapter
Language:Slovak
Subjects:
Tags: Add Tag
No Tags, Be the first to tag this record!

MARC

LEADER 00000naa a2200000 4500
001 0229099
005 20240502073756.7
041 0 |a slo 
044 |a SK 
245 1 0 |a Big data  |b čo sú veľké dáta a ako ich využiť v poistnom sektore  |c Zuzana Krátka 
520 |a Big data sú charakterizované tromi "V" ako Volume (objem), Velocity (rýchlosť), Variety (rôznorodosť). Schopnosť spracovávať dáta v reálnom čase, prínosy, nové možnosti a potenciál big data zmeniť poistný sektor. 
610 2 0 |a poisťovníctvo 
610 2 0 |a poistenie 
610 2 0 |a poisťovne 
610 2 0 |a riziko poistné 
610 2 0 |a metódy aktuárske 
610 2 0 |a analýzy 
610 2 0 |a informácie 
610 2 0 |a spracovanie dát 
100 1 |a Krátka, Zuzana, 1968-